Home Print Resources E-Books E-Journals IIMT Lecture Series Library Membership Form Book Recommendation Form Campus Tour Take AdmissionAbout Us Contact Us

MANAGERIAL ECONOMICS (Record no. 51204)

000 -LEADER
fixed length control field nam a22 7a 4500
003 - CONTROL NUMBER IDENTIFIER
control field OSt
005 - DATE AND TIME OF LATEST TRANSACTION
control field 20211209111001.0
008 - FIXED-LENGTH DATA ELEMENTS--GENERAL INFORMATION
fixed length control field 211209b xxu||||| |||| 00| 0 eng d
040 ## - CATALOGING SOURCE
Transcribing agency IIMT COLLEGE OF ENGINEERING,GREATER NOIDA
100 ## - MAIN ENTRY--PERSONAL NAME
Personal name DWIVEDI,D.N.
245 ## - TITLE STATEMENT
Title MANAGERIAL ECONOMICS
260 ## - PUBLICATION, DISTRIBUTION, ETC.
Place of publication, distribution, etc. NEW DELHI
Name of publisher, distributor, etc. VIKASH
Date of publication, distribution, etc. 2006
300 ## - PHYSICAL DESCRIPTION
Extent 649
942 ## - ADDED ENTRY ELEMENTS (KOHA)
Source of classification or shelving scheme
Koha item type Book Bank
Holdings
Withdrawn status Lost status Source of classification or shelving scheme Damaged status Not for loan Home library Current library Date acquired Source of acquisition Total Checkouts Barcode Date last seen Date last checked out Price effective from Koha item type
          NOIDA IIMT College of Engineering MBA NOIDA IIMT College of Engineering MBA 12/09/2021 TRANSFER 5 21-B-5687 01/20/2026 09/09/2025 12/09/2021 Book Bank
          NOIDA IIMT College of Engineering MBA NOIDA IIMT College of Engineering MBA 12/09/2021 TRANSFER   21-B-5688 12/09/2021   12/09/2021 Book Bank
IIMT, Central Library. All Rights Reserved IIMT,UNIVERSITY © 2023
Implemented and Customised by I CLOUDE EMS
You Are OPAC Visitor No
free web counter

Powered by Koha